All Asian Premier League Players Ever - Statistics

General Stats
  • This quiz has been taken 40 times
  • The average score is 31 of 106
Answer Stats
Nation Clubs Years Player % Correct
South Korea Spurs 2015-present Heung-min Son
94%
South Korea Manchester United, QPR 2005-13 Ji-sung Park
91%
South Korea Arsenal 2011-12 Chu-young Park
85%
Japan Liverpool 2023-present Wataru Endo
85%
Japan Brighton 2022-present Kaoru Mitoma
76%
Japan Manchester United 2012-14 Shinji Kagawa
76%
Japan Arsenal 2021-present Takehiro Tomiyasu
76%
Japan Liverpool, Southampton 2019-22 Takumi Minamino
76%
Australia Everton 2004-12 Tim Cahill
71%
South Korea Bolton, Crystal Palace 2009-12, 2014-18 Chung-yong Lee
68%
South Korea Middlesbrough 2006-08 Dong-gook Lee
68%
South Korea Spurs 2005-08 Young-pyo Lee
68%
Japan Leicester 2015-19 Shinji Okazaki
65%
South Korea Wolves 2021-present Hee-chan Hwang
62%
South Korea Swansea, Sunderland, Newcastle 2012-20 Sung-yueng Ki
62%
Uzbekistan Man City 2024-present Abdukodir Khusanov
59%
Japan Crystal Palace 2024-present Daichi Kamada
59%
Australia Leeds, Liverpool 1995-2008 Harry Kewell
59%
South Korea Wigan 2008-10 Won-hee Cho
59%
South Korea Cardiff 2013-14 Bo-kyung Kim
50%
South Korea West Brom 2008-09 Do-heon Kim
50%
South Korea Brentford 2024-present Ji-soo Kim
50%
Australia Middlesbrough, Fulham, Chelsea, Leicester 1996-97, 1998-2015 Mark Schwarzer
50%
Japan Southampton 2012-20 Maya Yoshida
50%
Australia Liverpool, Bournemouth 2013-14, 2015-17 Brad Smith
47%
Australia Leeds, Middlesbrough, Newcastle 2000-09 Mark Viduka
47%
Australia Middlesbrough, Liverpool 2003-09, 2011-23, 2014-15 Brad Jones
44%
Bangladesh Leicester 2017-22, 2024-25 Hamza Choudhury
44%
Australia Brighton, Arsenal 2017-21 Mat Ryan
44%
Philippines Cardiff 2018-19 Neil Etheridge
44%
Iran Brighton 2018-21 Alireza Jahanbakhsh
38%
South Korea Sunderland 2011-12, 2013-14 Dong-won Ji
38%
Australia Aston Villa, Manchester United, Chelsea 1992-2000, 2001-02 Mark Bosnich
38%
Australia Huddersfield, Brighton 2017-20 Aaron Mooy
35%
Oman Bolton, Wigan 2007-08, 2010-13 Ali Al-Habsi
35%
Japan Southampton 2024-25 Yukinari Sugawara
32%
Australia Blackburn 2003-12 Brett Emerton
29%
Australia Blackburn, West Ham, Everton 2001-10 Lucas Neill
29%
Australia Crystal Palace 2013-17 Mile Jedinak
29%
Iraq Ipswich 2024-25 Ali Al-Hamadi
26%
Iran Fulham 2012-14 Ashkan Dejagah
26%
Japan Bolton 2005-06 Hidetoshi Nakata
26%
Japan Fulham, West Brom 2002-06 Junichi Inamoto
26%
China Everton 2002-04 Li Tie
26%
Iran Brentford 2021-24 Saman Ghoddos
24%
China Man City 2002-08 Sun Jihai
24%
Pakistan Fulham 2003-06 Zesh Rehman
24%
Japan Luton 2023-24 Daiki Hashioka
21%
Australia Leicester 2022-23 Harry Souttar
21%
Indonesia Swansea 2013-17 Jordi Amat
21%
Australia Watford 1999-2000 Richard Johnson
21%
Australia Crystal Palace 2004-05 Tony Popovic
21%
Australia Reading, Bournemouth 2006-07, 2012-13, 2015-17 Adam Federici
18%
Australia Ipswich 2024-24 Cameron Burgess
18%
China Manchester United 2006-07 Dong Fangzhuo
18%
Australia Blackburn 2008-12 Vince Grella
18%
Japan Newcastle 2018-20 Yoshinori Muto
18%
Australia Aston Villa 2012-13 Brett Holman
15%
Australia Newcastle 2005-07 Craig Moore
15%
Australia Man City 2000-01, 2002-04 Danny Tiatto
15%
Australia Coventry 1998-2001 John Aloisi
15%
South Korea Reading, Fulham 2006-10 Ki-hyeon Seol
15%
Australia Ipswich 2024-25 Massimo Luongo
15%
Japan Bolton, Wigan, Arsenal 2011-14 Ryo Miyaichi
15%
Australia West Ham, Birmingham 1995-99, 2002-06 Stan Lazaridis
15%
South Korea QPR 2014-15 Suk-young Yun
15%
Iran Bolton, Fulham 2006-09 Andranik Teymourian
12%
Australia Southampton 2020-21 Caleb Watts
12%
Australia Aston Villa 2010-14 Chris Herd
12%
Australia West Ham, Portsmouth 2000-02, 2003-04 Hayden Foxe
12%
Australia Leeds 2002-03 Jamie McMaster
12%
Iran Charlton 2000-01 Karim Bagheri
12%
China Arsenal 2011-12 Nico Yennaris
12%
Australia Blackburn, West Ham, Southampton 1994-98 Robbie Slater
12%
Australia Southampton 2001-02 Scott McDonald
12%
China Charlton 2006-07 Zheng Zhi
12%
Australia Fulham 2005-06 Ahmad Elrich
9%
Australia Burnley 2016-17 Aiden O'Neill
9%
Australia Brighton 2022-23 Cameron Peupion
9%
Australia Blackpool 2010-11 David Carney
9%
Australia Leeds 2000-01, 2002-03 Jacob Burns
9%
Australia West Brom 2014-15 Jason Davidson
9%
Australia Coventry, Blackburn, Wigan 1994-99, 2005-07 John Filan
9%
Australia Aston Villa 2015-16 Jordan Lyden
9%
Australia Wigan 2005-08 Josip Skoko
9%
Japan Spurs 2002-03 Kazuyuki Toda
9%
Australia Crystal Palace 1997-98 Kevin Muscat
9%
China Everton 2002-03 Li Weifeng
9%
Australia Derby 2007-08 Mile Sterjovski
9%
Australia West Ham, Hull 2001-02, 2008-10 Richard Garcia
9%
Australia Middlesbrough 2002-03 Tony Vidmar
9%
China Everton 2014-16 Tyias Browning
9%
Australia Sheff Wed 1993-95, 1997-98 Adem Poric
6%
Australia Ipswich, Charlton 1992-93, 1998-99 Andy Petterson
6%
Australia Crystal Palace 1997-98 Carl Veart
6%
Australia West Ham 1998-99 Chris Coyne
6%
Australia Derby 2000-01 Con Blatsis
6%
Australia Man City 2000-01 Danny Allsopp
6%
Australia Everton 1992-93, 1994-95 Jason Kearton
6%
Australia Middlesbrough 2001-03 Luke Wilkshire
6%
Australia QPR 1995-96 Ned Zelic
6%
Australia Birmingham 2005-06 Neil Kilkenny
6%
Australia Middlesbrough, Leeds 2000-03 Paul Okon
6%
Australia West Ham 1996-97 Scott Mautone
6%
Australia Fulham 2020-21, 2022-23 Tyrese Francois
6%
Australia Ipswich 1992-93 Vlado Bozinovski
6%
No matching quizzes found
Score Distribution
Percent of People with Each Score
Percentile by Number Answered
Your Score History
You have not taken this quiz